| 000 | 01671nam a2200421 c 4500 | ||
|---|---|---|---|
| 003 | BLK | ||
| 005 | 20231031121316.0 | ||
| 008 | 180408b bul|||||r ||||||| ||bul|| | ||
| 010 | _aKNG00086033000 | ||
| 020 |
_a978-954-685-600-5 _bиздат.: СофтПрес |
||
| 040 | _aBLK | ||
| 041 |
_aBUL _cBUL |
||
| 080 |
_aСтара и антична история _b931 _x:087.5(035) _z931:087.5(035) |
||
| 080 |
_aИстория на цивилизацията. История на културата _b930.85 _x:087.5(035) _z930.85:087.5(035) |
||
| 100 | 1 |
_aБрукс, Филип _eпърви автор _9300147 |
|
| 700 | 1 |
_aРанкова, Стефания _eпрев. _9300148 |
|
| 139 |
_aБрукс, Филип _bБ 82 |
||
| 245 | 1 | 0 |
_aДревните цивилизации _cФилип Брукс; прев. Стефания Ранкова. |
| 257 | _aGBR | ||
| 260 |
_аСофия _bСофтПрес _c2008 |
||
| 300 |
_a64 с. _bс цв. ил. _c28 см |
||
| 380 | _aDN | ||
| 490 | 1 |
_aИлюстрована историческа енциклопедия на света _v2 |
|
| 500 | _aОриг. загл. The History encyclopedia / Philip Brooks | ||
| 590 | _aф | ||
| 650 | 4 |
_aИстория, стара _9245372 |
|
| 650 | 4 |
_aКултура - история _9248181 |
|
| 653 | _aдревен свят | ||
| 653 | _aдревни цивилизации | ||
| 653 | _aдетска литература | ||
| 653 | _aенциклопедии | ||
| 852 | _aЦб ІІ 15377 | ||
| 856 | 4 |
_qpdf _u |
|
| 856 | 4 |
_qpdf _u |
|
| 942 |
_cKNG _n0 _05 |
||
| 944 |
_aCR _c27.10.2008 _k30551 _lБояна Костадинова |
||
| 944 |
_aED _c30.10.2008 _k |
||
| 999 |
_c81529 _d81529 |
||